| 000 | 00923nam a22002177a 4500 | ||
|---|---|---|---|
| 003 | OSt | ||
| 005 | 20170608093027.0 | ||
| 008 | 140214b2012 slv spa | ||
| 040 | _cBMC | ||
| 082 | _a624 | ||
| 100 | 1 |
_934217 _aArana Mancía, Gustavo Alejandro |
|
| 245 | 1 | 0 |
_aPasantía en Edificaciones Choussy S.A. de C.V. _b: Informe final _cGustavo Alejandro Arana Mancía |
| 260 |
_aSanta Ana (El Salvador) _bUniversidad Católica de El Salvador _c2012 |
||
| 300 |
_a76 h. _bil. col. _c27 cm _e+ 1 disco compacto |
||
| 500 | _aPrecede al tít.: Universidad Católica de El Salvador, Facultad de Ingeniería y Arquitectura | ||
| 500 | _aPeriodo de realización: del 20 de febrero al 20 de agosto de 2012 | ||
| 502 | _aPara optar al título de: Ingeniero cívil | ||
| 650 | 2 | 4 |
_98218 _aIngeniería civil |
| 710 | 2 |
_91166 _aUniversidad Católica de El Salvador _bFacultad de Ingeniería y Arquitectura |
|
| 942 |
_2ddc _cTG |
||
| 999 |
_c20783 _d20783 |
||